| 000 | 00620nam a2200229Ia 4500 | ||
|---|---|---|---|
| 001 | 18563 | ||
| 003 | GE_BSU | ||
| 008 | 181216s||||||||xx |||||||||||||| ||und|| | ||
| 020 | _a9783407254689 | ||
| 040 | _cGE_BSU | ||
| 080 | _a811.112(072) | ||
| 100 | _aBastian,Johannes,Arno Combe, Roman Langer | ||
| 245 | _aFeedback-Methoden:Erprobte Konzepte, evaluierte Erfahrungen. | ||
| 260 | _aBerlin ,Germany | ||
| 260 | _bBeltz Verlag | ||
| 260 | _c2007 | ||
| 300 | _a189p;24cm. | ||
| 653 | _aFeedback-Methoden | ||
| 653 | _aგერმანული ენა | ||
| 653 | _aმეთოდიკა | ||
| 942 | _cBK | ||
| 999 |
_c51572 _d51572 |
||